[Event "DEM U16w 2023"]
[Site "Willingen GER"]
[Date "2023.06.01"]
[Round "7"]
[White "von Beckh, Frieda"]
[Black "Reich, Elisabeth"]
[Result "1/2-1/2"]
[Termination "normal"]
[Board "7"]
[WhiteElo "1673"]
[BlackElo "1551"]
[WhiteClock "00:28:24"]
[BlackClock "00:31:46"]
[PlyCount "87"]
[WhiteFideId "16233751"]
[BlackFideId "16239776"]
[EventCountry "GER"]
[EventRounds "9"]
[EventType "swiss"]
[EventDate "2023.05.27"]

1. e4 {[%clk 01:30:56]} {[%emt 00:00:03]} g6 {[%clk 01:30:59]} {[%emt
00:00:02]} 2. d4 {[%clk 01:31:20]} {[%emt 00:00:06]} Bg7 {[%clk 01:31:23]}
{[%emt 00:00:05]} 3. Nf3 {[%clk 01:31:46]} {[%emt 00:00:04]} c5 {[%clk
01:31:49]} {[%emt 00:00:05]} 4. c4 {[%clk 01:32:11]} {[%emt 00:00:05]} d6
{[%clk 01:31:42]} {[%emt 00:00:36]} 5. Be3 {[%clk 01:30:21]} {[%emt 00:02:20]}
Nd7 {[%clk 01:29:53]} {[%emt 00:02:19]} 6. Nc3 {[%clk 01:28:54]} {[%emt
00:01:57]} Ngf6 {[%clk 01:27:27]} {[%emt 00:02:57]} 7. h3 {[%clk 01:27:46]}
{[%emt 00:01:38]} cxd4 {[%clk 01:21:28]} {[%emt 00:06:30]} 8. Nxd4 {[%clk
01:26:10]} {[%emt 00:02:05]} O-O {[%clk 01:19:44]} {[%emt 00:02:14]} 9. Be2
{[%clk 01:25:06]} {[%emt 00:01:34]} Nc5 {[%clk 01:18:10]} {[%emt 00:02:05]} 10.
Bf3 {[%clk 01:23:54]} {[%emt 00:01:41]} Ne6 {[%clk 01:16:11]} {[%emt 00:02:30]}
11. Qd2 {[%clk 01:23:12]} {[%emt 00:01:12]} Rb8 {[%clk 01:12:29]} {[%emt
00:04:12]} 12. h4 {[%clk 01:15:46]} {[%emt 00:07:56]} h5 {[%clk 01:11:42]}
{[%emt 00:01:16]} 13. O-O-O {[%clk 01:10:29]} {[%emt 00:05:48]} a6 {[%clk
01:10:34]} {[%emt 00:01:40]} 14. Rdg1 {[%clk 01:10:30]} {[%emt 00:00:28]} Qc7
{[%clk 01:07:22]} {[%emt 00:03:39]} 15. Be2 {[%clk 01:05:23]} {[%emt 00:05:40]}
b5 {[%clk 01:05:22]} {[%emt 00:02:30]} 16. g4 {[%clk 01:03:32]} {[%emt
00:02:20]} Nxd4 {[%clk 01:03:16]} {[%emt 00:02:38]} 17. Bxd4 {[%clk 01:03:33]}
{[%emt 00:00:29]} Nxg4 {[%clk 00:59:39]} {[%emt 00:04:07]} 18. Nd5 {[%clk
00:59:25]} {[%emt 00:04:39]} Qd8 {[%clk 00:58:08]} {[%emt 00:01:59]} 19. Bxg7
{[%clk 00:56:51]} {[%emt 00:03:06]} Kxg7 {[%clk 00:58:32]} {[%emt 00:00:06]}
20. Qc3+ {[%clk 00:40:31]} {[%emt 00:16:50]} Kh7 {[%clk 00:51:39]} {[%emt
00:07:22]} 21. f3 {[%clk 00:25:49]} {[%emt 00:15:13]} Nf6 {[%clk 00:43:51]}
{[%emt 00:08:18]} 22. Nxf6+ {[%clk 00:24:41]} {[%emt 00:01:38]} exf6 {[%clk
00:44:20]} {[%emt 00:00:01]} 23. f4 {[%clk 00:23:50]} {[%emt 00:01:21]} Rg8
{[%clk 00:35:41]} {[%emt 00:09:08]} 24. f5 {[%clk 00:20:52]} {[%emt 00:03:28]}
b4 {[%clk 00:27:46]} {[%emt 00:08:26]} 25. Qd3 {[%clk 00:19:28]} {[%emt
00:01:53]} Qf8 {[%clk 00:23:39]} {[%emt 00:04:33]} 26. Kb1 {[%clk 00:14:44]}
{[%emt 00:05:17]} Bb7 {[%clk 00:20:28]} {[%emt 00:03:40]} 27. Rh3 {[%clk
00:10:15]} {[%emt 00:05:00]} Re8 {[%clk 00:18:26]} {[%emt 00:02:30]} 28. Bf3
{[%clk 00:10:14]} {[%emt 00:00:34]} Qe7 {[%clk 00:17:18]} {[%emt 00:01:36]} 29.
Re1 {[%clk 00:08:25]} {[%emt 00:02:21]} Qe5 {[%clk 00:16:27]} {[%emt 00:01:18]}
30. Qe2 {[%clk 00:07:46]} {[%emt 00:01:12]} a5 {[%clk 00:13:06]} {[%emt
00:03:53]} 31. Ka1 {[%clk 00:06:31]} {[%emt 00:01:44]} a4 {[%clk 00:12:03]}
{[%emt 00:01:33]} 32. Rh2 {[%clk 00:02:33]} {[%emt 00:04:28]} a3 {[%clk
00:11:28]} {[%emt 00:01:05]} 33. Rg2 {[%clk 00:02:11]} {[%emt 00:00:51]} gxf5
{[%clk 00:09:00]} {[%emt 00:02:58]} 34. Rxg8 {[%clk 00:01:19]} {[%emt
00:01:23]} Kxg8 {[%clk 00:08:37]} {[%emt 00:00:52]} 35. Bxh5 {[%clk 00:01:08]}
{[%emt 00:00:41]} axb2+ {[%clk 00:08:13]} {[%emt 00:00:54]} 36. Qxb2 {[%clk
00:01:29]} {[%emt 00:00:09]} fxe4 {[%clk 00:07:17]} {[%emt 00:01:26]} 37. Qxe5
{[%clk 00:01:02]} {[%emt 00:00:58]} Rxe5 {[%clk 00:07:38]} {[%emt 00:00:09]}
38. Bd1 {[%clk 00:00:56]} {[%emt 00:00:35]} e3 {[%clk 00:07:22]} {[%emt
00:00:46]} 39. h5 {[%clk 00:00:45]} {[%emt 00:00:40]} Kh8 {[%clk 00:07:24]}
{[%emt 00:00:28]} 40. Kb2 {[%clk 00:01:01]} {[%emt 00:00:15]} e2 {[%clk
00:07:03]} {[%emt 00:00:51]} 41. Rxe2 {[%clk 00:01:12]} {[%emt 00:00:20]} d5
{[%clk 00:02:26]} {[%emt 00:05:07]} 42. cxd5 {[%clk 00:00:35]} {[%emt
00:01:08]} Bxd5 {[%clk 00:02:19]} {[%emt 00:00:36]} 43. Rf2 {[%clk 00:30:02]}
{[%emt 00:01:02]} Kg7 {[%clk 00:31:46]} {[%emt 00:01:01]} 44. Bg4 {[%clk
00:28:24]} {[%emt 00:02:10]} 1/2-1/2

[Event "DEM U16w 2023"]
[Site "Willingen GER"]
[Date "2023.06.01"]
[Round "7"]
[White "Stepanjan, Marianne"]
[Black "Ulrich, Helena Irene"]
[Result "1/2-1/2"]
[Termination "normal"]
[Board "8"]
[WhiteElo "1465"]
[BlackElo "1609"]
[WhiteClock "00:03:56"]
[BlackClock "00:04:04"]
[PlyCount "128"]
[WhiteFideId "16246110"]
[BlackFideId "16256000"]
[EventCountry "GER"]
[EventRounds "9"]
[EventType "swiss"]
[EventDate "2023.05.27"]

1. e4 {[%clk 01:30:58]} {[%emt 00:00:02]} c5 {[%clk 01:30:58]} {[%emt
00:00:03]} 2. Nf3 {[%clk 01:31:21]} {[%emt 00:00:06]} Nc6 {[%clk 01:31:25]}
{[%emt 00:00:03]} 3. d4 {[%clk 01:31:46]} {[%emt 00:00:05]} cxd4 {[%clk
01:31:52]} {[%emt 00:00:03]} 4. Nxd4 {[%clk 01:32:11]} {[%emt 00:00:05]} Nf6
{[%clk 01:32:19]} {[%emt 00:00:03]} 5. Nc3 {[%clk 01:32:35]} {[%emt 00:00:07]}
e5 {[%clk 01:32:47]} {[%emt 00:00:02]} 6. Ndb5 {[%clk 01:32:58]} {[%emt
00:00:07]} d6 {[%clk 01:33:13]} {[%emt 00:00:05]} 7. Bg5 {[%clk 01:33:16]}
{[%emt 00:00:11]} a6 {[%clk 01:33:40]} {[%emt 00:00:04]} 8. Na3 {[%clk
01:33:39]} {[%emt 00:00:06]} b5 {[%clk 01:34:08]} {[%emt 00:00:02]} 9. Nd5
{[%clk 01:33:58]} {[%emt 00:00:11]} Be7 {[%clk 01:34:34]} {[%emt 00:00:03]} 10.
Bxf6 {[%clk 01:34:21]} {[%emt 00:00:08]} Bxf6 {[%clk 01:35:02]} {[%emt
00:00:03]} 11. c3 {[%clk 01:34:41]} {[%emt 00:00:09]} Bg5 {[%clk 01:35:22]}
{[%emt 00:00:09]} 12. Nc2 {[%clk 01:34:22]} {[%emt 00:00:49]} Rb8 {[%clk
01:35:46]} {[%emt 00:00:07]} 13. g3 {[%clk 01:33:06]} {[%emt 00:01:47]} O-O
{[%clk 01:35:30]} {[%emt 00:00:45]} 14. h4 {[%clk 01:32:43]} {[%emt 00:00:53]}
Bh6 {[%clk 01:33:34]} {[%emt 00:02:27]} 15. Nce3 {[%clk 01:03:09]} {[%emt
00:30:04]} Be6 {[%clk 01:14:00]} {[%emt 00:20:03]} 16. Ng4 {[%clk 00:58:26]}
{[%emt 00:05:12]} Bxg4 {[%clk 01:13:01]} {[%emt 00:01:30]} 17. Qxg4 {[%clk
00:56:11]} {[%emt 00:02:46]} a5 {[%clk 01:00:26]} {[%emt 00:13:06]} 18. Bh3
{[%clk 00:22:09]} {[%emt 00:34:31]} Rb7 {[%clk 00:48:55]} {[%emt 00:12:01]} 19.
O-O {[%clk 00:21:55]} {[%emt 00:00:44]} Kh8 {[%clk 00:40:53]} {[%emt 00:08:32]}
20. Rfd1 {[%clk 00:18:46]} {[%emt 00:03:37]} b4 {[%clk 00:22:57]} {[%emt
00:18:28]} 21. Qe2 {[%clk 00:11:44]} {[%emt 00:07:31]} Ra7 {[%clk 00:02:19]}
{[%emt 00:21:09]} 22. Qc4 {[%clk 00:10:09]} {[%emt 00:02:02]} Ne7 {[%clk
00:02:00]} {[%emt 00:00:53]} 23. cxb4 {[%clk 00:09:32]} {[%emt 00:01:07]} Nxd5
{[%clk 00:01:48]} {[%emt 00:00:42]} 24. Rxd5 {[%clk 00:07:27]} {[%emt
00:02:35]} Rc7 {[%clk 00:01:33]} {[%emt 00:00:45]} 25. Qb3 {[%clk 00:07:15]}
{[%emt 00:00:35]} Rb7 {[%clk 00:01:19]} {[%emt 00:00:51]} 26. b5 {[%clk
00:06:14]} {[%emt 00:01:30]} Qb6 {[%clk 00:01:11]} {[%emt 00:00:38]} 27. Rad1
{[%clk 00:05:58]} {[%emt 00:00:43]} Rd8 {[%clk 00:01:07]} {[%emt 00:00:36]} 28.
Qd3 {[%clk 00:05:42]} {[%emt 00:00:40]} g6 {[%clk 00:00:58]} {[%emt 00:00:46]}
29. a4 {[%clk 00:05:46]} {[%emt 00:00:26]} Bf8 {[%clk 00:01:12]} {[%emt
00:00:17]} 30. Rxe5 {[%clk 00:05:39]} {[%emt 00:00:37]} Bg7 {[%clk 00:01:04]}
{[%emt 00:00:39]} 31. Rd5 {[%clk 00:05:49]} {[%emt 00:00:18]} Bxb2 {[%clk
00:00:53]} {[%emt 00:00:42]} 32. Rxd6 {[%clk 00:05:33]} {[%emt 00:00:46]} Rxd6
{[%clk 00:01:21]} {[%emt 00:00:02]} 33. Qxd6 {[%clk 00:05:56]} {[%emt
00:00:07]} Qxd6 {[%clk 00:01:49]} 34. Rxd6 {[%clk 00:06:19]} {[%emt 00:00:07]}
Be5 {[%clk 00:01:26]} {[%emt 00:00:53]} 35. Rd5 {[%clk 00:06:25]} {[%emt
00:00:24]} f6 {[%clk 00:01:10]} {[%emt 00:00:47]} 36. Rd8+ {[%clk 00:06:20]}
{[%emt 00:00:33]} Kg7 {[%clk 00:01:33]} {[%emt 00:00:09]} 37. Rd7+ {[%clk
00:06:36]} {[%emt 00:00:14]} Rxd7 {[%clk 00:01:58]} {[%emt 00:00:04]} 38. Bxd7
{[%clk 00:07:03]} {[%emt 00:00:03]} Bc7 {[%clk 00:02:05]} {[%emt 00:00:24]} 39.
Kf1 {[%clk 00:07:18]} {[%emt 00:00:15]} Kf7 {[%clk 00:02:09]} {[%emt 00:00:25]}
40. Ke2 {[%clk 00:07:15]} {[%emt 00:00:32]} Ke7 {[%clk 00:02:14]} {[%emt
00:00:27]} 41. Bc6 {[%clk 00:07:23]} {[%emt 00:00:22]} Kd6 {[%clk 00:29:24]}
{[%emt 00:03:20]} 42. Be8 {[%clk 00:28:37]} {[%emt 00:09:13]} Ke7 {[%clk
00:25:04]} {[%emt 00:04:53]} 43. Bc6 {[%clk 00:28:44]} {[%emt 00:00:23]} Kd6
{[%clk 00:25:25]} {[%emt 00:00:10]} 44. f3 {[%clk 00:24:00]} {[%emt 00:05:13]}
Kc5 {[%clk 00:19:57]} {[%emt 00:05:58]} 45. g4 {[%clk 00:23:29]} {[%emt
00:01:01]} h6 {[%clk 00:12:35]} {[%emt 00:07:52]} 46. h5 {[%clk 00:14:32]}
{[%emt 00:09:27]} g5 {[%clk 00:12:29]} {[%emt 00:00:36]} 47. Kd3 {[%clk
00:14:21]} {[%emt 00:00:40]} Bb6 {[%clk 00:08:42]} {[%emt 00:04:18]} 48. Kc3
{[%clk 00:13:08]} {[%emt 00:01:43]} Bc7 {[%clk 00:08:35]} {[%emt 00:00:37]} 49.
Bd5 {[%clk 00:11:11]} {[%emt 00:02:26]} Be5+ {[%clk 00:08:34]} {[%emt
00:00:32]} 50. Kb3 {[%clk 00:09:31]} {[%emt 00:02:09]} Bc7 {[%clk 00:09:00]}
{[%emt 00:00:05]} 51. Be6 {[%clk 00:08:28]} {[%emt 00:01:32]} Kd4 {[%clk
00:05:11]} {[%emt 00:04:21]} 52. Bd7 {[%clk 00:07:26]} {[%emt 00:01:31]} Kc5
{[%clk 00:05:23]} {[%emt 00:00:18]} 53. Be8 {[%clk 00:06:21]} {[%emt 00:01:34]}
Kd4 {[%clk 00:05:29]} {[%emt 00:00:24]} 54. Bg6 {[%clk 00:05:00]} {[%emt
00:01:50]} Kc5 {[%clk 00:05:34]} {[%emt 00:00:26]} 55. Bf7 {[%clk 00:04:40]}
{[%emt 00:00:50]} Kd4 {[%clk 00:05:54]} {[%emt 00:00:11]} 56. Kc2 {[%clk
00:04:06]} {[%emt 00:00:59]} Bb6 {[%clk 00:04:54]} {[%emt 00:01:34]} 57. Kb3
{[%clk 00:04:10]} {[%emt 00:00:25]} Bc7 {[%clk 00:04:54]} {[%emt 00:00:31]} 58.
Bd5 {[%clk 00:04:19]} {[%emt 00:00:21]} Kc5 {[%clk 00:04:46]} {[%emt 00:00:38]}
59. Bc6 {[%clk 00:04:21]} {[%emt 00:00:28]} Kd4 {[%clk 00:04:30]} {[%emt
00:00:45]} 60. b6 {[%clk 00:03:35]} {[%emt 00:01:16]} Bxb6 {[%clk 00:04:40]}
{[%emt 00:00:20]} 61. Kc2 {[%clk 00:03:30]} {[%emt 00:00:31]} Bc5 {[%clk
00:04:08]} {[%emt 00:01:05]} 62. Kd2 {[%clk 00:03:48]} {[%emt 00:00:12]} Bb4+
{[%clk 00:03:58]} {[%emt 00:00:41]} 63. Ke2 {[%clk 00:04:11]} {[%emt 00:00:07]}
Bd6 {[%clk 00:04:04]} {[%emt 00:00:24]} 64. Bb5 {[%clk 00:03:56]} {[%emt
00:00:44]} Ke5 {[%emt 00:00:52]} 1/2-1/2

[Event "DEM U16w 2023"]
[Site "Willingen GER"]
[Date "2023.06.01"]
[Round "7"]
[White "Reddi, Bhuvana"]
[Black "Englert, Lin"]
[Result "1/2-1/2"]
[Termination "normal"]
[Board "9"]
[WhiteElo "1735"]
[BlackElo "1447"]
[WhiteClock "00:25:14"]
[BlackClock "00:44:06"]
[PlyCount "43"]
[WhiteFideId "16287002"]
[BlackFideId "16226410"]
[EventCountry "GER"]
[EventRounds "9"]
[EventType "swiss"]
[EventDate "2023.05.27"]

1. e4 {[%clk 01:30:58]} c5 {[%clk 01:30:55]} {[%emt 00:00:06]} 2. Nf3 {[%clk
01:31:25]} {[%emt 00:00:03]} Nc6 {[%clk 01:31:16]} {[%emt 00:00:09]} 3. d4
{[%clk 01:31:50]} {[%emt 00:00:05]} cxd4 {[%clk 01:31:42]} {[%emt 00:00:04]} 4.
Nxd4 {[%clk 01:32:15]} {[%emt 00:00:05]} g6 {[%clk 01:32:06]} {[%emt 00:00:06]}
5. Nxc6 {[%clk 01:32:40]} {[%emt 00:00:06]} bxc6 {[%clk 01:31:54]} {[%emt
00:00:42]} 6. Qd4 {[%clk 01:33:03]} {[%emt 00:00:08]} Nf6 {[%clk 01:29:23]}
{[%emt 00:02:59]} 7. e5 {[%clk 01:33:28]} {[%emt 00:00:06]} Nh5 {[%clk
01:19:00]} {[%emt 00:10:53]} 8. Bc4 {[%clk 01:17:47]} {[%emt 00:16:10]} Qb6
{[%clk 01:13:56]} {[%emt 00:05:35]} 9. Qc3 {[%clk 01:13:21]} {[%emt 00:04:55]}
e6 {[%clk 01:12:44]} {[%emt 00:01:44]} 10. a3 {[%clk 01:13:24]} {[%emt
00:00:27]} Bc5 {[%clk 01:11:16]} {[%emt 00:01:58]} 11. Qf3 {[%clk 01:11:43]}
{[%emt 00:02:09]} Bd4 {[%clk 01:05:49]} {[%emt 00:05:58]} 12. Be3 {[%clk
00:43:49]} {[%emt 00:28:24]} Bxe3 {[%clk 01:04:18]} {[%emt 00:02:01]} 13. Qxe3
{[%clk 00:43:46]} {[%emt 00:00:34]} Qxb2 {[%clk 01:02:51]} {[%emt 00:01:57]}
14. Qc3 {[%clk 00:44:10]} {[%emt 00:00:05]} Qxc3+ {[%clk 01:02:28]} {[%emt
00:00:54]} 15. Nxc3 {[%clk 00:44:34]} {[%emt 00:00:05]} Rb8 {[%clk 01:01:12]}
{[%emt 00:01:47]} 16. Ne4 {[%clk 00:43:38]} {[%emt 00:01:25]} O-O {[%clk
00:57:36]} {[%emt 00:04:06]} 17. O-O {[%clk 00:42:48]} {[%emt 00:01:21]} Rb6
{[%clk 00:54:36]} {[%emt 00:03:29]} 18. Rab1 {[%clk 00:42:11]} {[%emt
00:01:08]} Nf4 {[%clk 00:44:48]} {[%emt 00:10:17]} 19. Rxb6 {[%clk 00:32:19]}
{[%emt 00:10:23]} axb6 {[%clk 00:45:11]} {[%emt 00:00:06]} 20. a4 {[%clk
00:32:28]} {[%emt 00:00:21]} Nd5 {[%clk 00:44:35]} {[%emt 00:01:06]} 21. Bxd5
{[%clk 00:25:45]} {[%emt 00:07:13]} exd5 {[%clk 00:44:06]} {[%emt 00:01:00]}
22. Nf6+ {[%clk 00:25:14]} {[%emt 00:00:59]} 1/2-1/2

[Event "DEM U16w 2023"]
[Site "Willingen GER"]
[Date "2023.06.01"]
[Round "7"]
[White "Petrosyan, Ani"]
[Black "Malmström, Eva"]
[Result "0-1"]
[Termination "normal"]
[Board "10"]
[WhiteElo "1370"]
[BlackElo "1454"]
[WhiteClock "00:23:54"]
[BlackClock "00:50:45"]
[PlyCount "112"]
[WhiteFideId "16248015"]
[BlackFideId "34607072"]
[EventCountry "GER"]
[EventRounds "9"]
[EventType "swiss"]
[EventDate "2023.05.27"]

1. Nf3 {[%clk 01:30:56]} {[%emt 00:00:04]} d5 {[%clk 01:30:37]} {[%emt
00:00:24]} 2. c4 {[%clk 01:31:03]} d4 {[%clk 01:30:07]} {[%emt 00:01:22]} 3. g3
{[%clk 01:27:52]} Nc6 {[%clk 01:27:39]} {[%emt 00:06:40]} 4. d3 {[%clk
01:22:38]} {[%emt 00:05:43]} e5 {[%clk 01:26:54]} {[%emt 00:01:15]} 5. Bg2
{[%clk 01:22:09]} {[%emt 00:00:59]} Bb4+ {[%clk 01:26:21]} {[%emt 00:01:04]} 6.
Nbd2 {[%clk 01:22:15]} {[%emt 00:00:24]} Nf6 {[%clk 01:24:35]} {[%emt
00:02:16]} 7. O-O {[%clk 01:21:57]} {[%emt 00:00:48]} O-O {[%clk 01:24:52]}
{[%emt 00:00:13]} 8. a3 {[%clk 01:22:12]} {[%emt 00:00:14]} Bxd2 {[%clk
01:17:07]} {[%emt 00:08:16]} 9. Nxd2 {[%clk 01:21:33]} {[%emt 00:01:09]} Bd7
{[%clk 01:16:43]} {[%emt 00:00:54]} 10. b4 {[%clk 01:19:31]} {[%emt 00:02:32]}
Qc8 {[%clk 01:16:06]} {[%emt 00:01:08]} 11. Bb2 {[%clk 01:17:15]} {[%emt
00:02:45]} Bh3 {[%clk 01:15:15]} {[%emt 00:01:21]} 12. e3 {[%clk 01:11:58]}
{[%emt 00:05:47]} Bxg2 {[%clk 01:14:35]} {[%emt 00:01:10]} 13. Kxg2 {[%clk
01:11:07]} {[%emt 00:01:21]} dxe3 {[%clk 01:12:41]} {[%emt 00:02:23]} 14. fxe3
{[%clk 01:10:47]} {[%emt 00:00:50]} Nd7 {[%clk 01:12:56]} {[%emt 00:00:16]} 15.
Qf3 {[%clk 01:08:52]} {[%emt 00:02:25]} Ne7 {[%clk 01:09:57]} {[%emt 00:03:28]}
16. d4 {[%clk 01:05:10]} {[%emt 00:04:13]} f6 {[%clk 01:08:48]} {[%emt
00:01:39]} 17. d5 {[%clk 01:01:53]} {[%emt 00:03:47]} b6 {[%clk 01:06:14]}
{[%emt 00:03:04]} 18. Nb3 {[%clk 00:59:57]} {[%emt 00:02:25]} Rd8 {[%clk
01:02:21]} {[%emt 00:04:23]} 19. Rad1 {[%clk 00:55:08]} {[%emt 00:05:19]} Ng6
{[%clk 00:58:36]} {[%emt 00:04:16]} 20. Rd2 {[%clk 00:50:14]} {[%emt 00:05:24]}
Nh8 {[%clk 00:57:21]} {[%emt 00:01:45]} 21. c5 {[%clk 00:46:17]} {[%emt
00:04:28]} Nf7 {[%clk 00:55:33]} {[%emt 00:02:18]} 22. d6 {[%clk 00:42:35]}
{[%emt 00:04:11]} bxc5 {[%clk 00:53:40]} {[%emt 00:02:23]} 23. bxc5 {[%clk
00:40:52]} {[%emt 00:02:15]} Nf8 {[%clk 00:53:21]} {[%emt 00:00:48]} 24. Rfd1
{[%clk 00:39:12]} {[%emt 00:02:09]} cxd6 {[%clk 00:49:02]} {[%emt 00:04:50]}
25. cxd6 {[%emt 00:00:57]} Rb8 {[%clk 00:46:31]} {[%emt 00:03:00]} 26. Rc1
{[%clk 00:32:06]} {[%emt 00:07:10]} Qa6 {[%clk 00:42:27]} {[%emt 00:04:33]} 27.
Rc7 {[%clk 00:06:17]} {[%emt 00:26:19]} Rxd6 {[%clk 00:36:08]} {[%emt
00:06:50]} 28. Rxd6 {[%clk 00:05:19]} {[%emt 00:01:29]} Qxd6 {[%clk 00:35:11]}
{[%emt 00:01:26]} 29. Rc3 {[%clk 00:05:09]} {[%emt 00:00:41]} Ng5 {[%clk
00:34:16]} {[%emt 00:01:24]} 30. Qe2 {[%clk 00:05:04]} {[%emt 00:00:33]} Qd5+
{[%clk 00:33:31]} {[%emt 00:01:16]} 31. e4 {[%clk 00:01:44]} {[%emt 00:03:51]}
Qxe4+ {[%clk 00:25:42]} {[%emt 00:08:20]} 32. Qxe4 {[%clk 00:02:08]} {[%emt
00:00:05]} Nxe4 {[%clk 00:25:59]} {[%emt 00:00:12]} 33. Re3 {[%clk 00:02:08]}
{[%emt 00:00:29]} Nd2 {[%clk 00:25:06]} {[%emt 00:01:24]} 34. Nxd2 {[%clk
00:02:19]} {[%emt 00:00:20]} Rxb2 {[%clk 00:25:29]} {[%emt 00:00:08]} 35. Re2
{[%clk 00:02:25]} {[%emt 00:00:24]} Ra2 {[%clk 00:25:42]} {[%emt 00:00:16]} 36.
Kf2 {[%clk 00:02:29]} {[%emt 00:00:26]} Kf7 {[%clk 00:24:24]} {[%emt 00:01:48]}
37. Nc4 {[%clk 00:02:32]} {[%emt 00:00:27]} Rxe2+ {[%clk 00:24:48]} {[%emt
00:00:07]} 38. Kxe2 {[%clk 00:02:59]} {[%emt 00:00:03]} Ke6 {[%clk 00:25:05]}
{[%emt 00:00:13]} 39. h4 {[%clk 00:02:45]} {[%emt 00:00:44]} Nd7 {[%clk
00:25:21]} {[%emt 00:00:13]} 40. g4 {[%clk 00:02:12]} {[%emt 00:01:03]} g6
{[%clk 00:25:35]} {[%emt 00:00:15]} 41. h5 {[%clk 00:02:18]} {[%emt 00:00:24]}
f5 {[%clk 00:24:39]} {[%emt 00:01:27]} 42. hxg6 {[%clk 00:02:12]} {[%emt
00:00:36]} hxg6 {[%clk 00:22:11]} {[%emt 00:02:58]} 43. gxf5+ {[%clk 00:02:36]}
{[%emt 00:00:06]} gxf5 {[%clk 00:22:29]} {[%emt 00:00:11]} 44. Kd3 {[%clk
00:01:43]} {[%emt 00:01:24]} Nc5+ {[%clk 00:22:17]} {[%emt 00:00:42]} 45. Ke3
{[%clk 00:01:50]} {[%emt 00:00:24]} Kd5 {[%clk 00:21:59]} {[%emt 00:00:47]} 46.
Nd2 {[%clk 00:01:36]} {[%emt 00:00:45]} Ne6 {[%clk 00:21:08]} {[%emt 00:01:19]}
47. Nf3 {[%clk 00:29:15]} {[%emt 00:02:52]} f4+ {[%clk 00:49:40]} {[%emt
00:01:57]} 48. Kf2 {[%clk 00:28:25]} {[%emt 00:01:21]} e4 {[%clk 00:49:56]}
{[%emt 00:00:13]} 49. Nh4 {[%clk 00:28:18]} {[%emt 00:00:38]} Ng5 {[%clk
00:49:44]} {[%emt 00:00:41]} 50. a4 {[%clk 00:28:30]} {[%emt 00:00:19]} e3+
{[%clk 00:49:58]} {[%emt 00:00:15]} 51. Ke2 {[%clk 00:28:05]} {[%emt 00:00:56]}
Ke4 {[%clk 00:50:16]} {[%emt 00:00:11]} 52. a5 {[%clk 00:27:40]} {[%emt
00:00:56]} f3+ {[%clk 00:50:34]} {[%emt 00:00:12]} 53. Ke1 {[%clk 00:27:29]}
{[%emt 00:00:41]} Kd3 {[%clk 00:50:08]} {[%emt 00:00:56]} 54. a6 {[%clk
00:26:17]} {[%emt 00:01:42]} f2+ {[%clk 00:50:04]} {[%emt 00:00:34]} 55. Kf1
{[%clk 00:26:42]} {[%emt 00:00:05]} Ne4 {[%clk 00:50:25]} {[%emt 00:00:08]} 56.
Ng2 {[%clk 00:23:54]} {[%emt 00:03:19]} e2# {[%clk 00:50:45]} {[%emt 00:00:10]}
0-1

[Event "DEM U16w 2023"]
[Site "Willingen GER"]
[Date "2023.06.01"]
[Round "7"]
[White "Jacobasch, Ronja"]
[Black "Neumann, Helena"]
[Result "0-1"]
[Termination "normal"]
[Board "11"]
[WhiteElo "1595"]
[BlackElo "1407"]
[WhiteClock "00:10:21"]
[BlackClock "01:04:09"]
[PlyCount "50"]
[WhiteFideId "34604340"]
[BlackFideId "16275365"]
[EventCountry "GER"]
[EventRounds "9"]
[EventType "swiss"]
[EventDate "2023.05.27"]

1. c4 {[%clk 01:30:55]} {[%emt 00:00:05]} c6 {[%clk 01:30:58]} {[%emt
00:00:03]} 2. Nf3 {[%clk 01:31:09]} {[%emt 00:00:15]} d5 {[%clk 01:31:23]}
{[%emt 00:00:05]} 3. cxd5 {[%clk 01:30:51]} {[%emt 00:00:48]} cxd5 {[%clk
01:31:47]} {[%emt 00:00:05]} 4. g3 {[%clk 01:30:26]} {[%emt 00:00:55]} Nf6
{[%clk 01:32:07]} {[%emt 00:00:11]} 5. Bg2 {[%clk 01:29:57]} {[%emt 00:00:59]}
Nc6 {[%clk 01:32:30]} {[%emt 00:00:06]} 6. d4 {[%clk 01:28:25]} {[%emt
00:02:03]} Bf5 {[%clk 01:32:07]} {[%emt 00:00:53]} 7. O-O {[%clk 01:23:43]}
{[%emt 00:05:13]} h6 {[%clk 01:31:16]} {[%emt 00:01:21]} 8. Nc3 {[%clk
01:22:05]} {[%emt 00:02:08]} e6 {[%clk 01:31:28]} {[%emt 00:00:18]} 9. a3
{[%clk 01:15:09]} {[%emt 00:07:26]} Bd6 {[%clk 01:29:15]} {[%emt 00:02:43]} 10.
Re1 {[%clk 01:01:57]} {[%emt 00:13:43]} O-O {[%clk 01:26:33]} {[%emt 00:03:12]}
11. Nh4 {[%clk 00:57:18]} {[%emt 00:05:09]} Bh7 {[%clk 01:25:06]} {[%emt
00:01:56]} 12. e4 {[%clk 00:56:27]} {[%emt 00:01:21]} Nxe4 {[%clk 01:23:55]}
{[%emt 00:01:42]} 13. Nxe4 {[%clk 00:56:19]} {[%emt 00:00:37]} Bxe4 {[%clk
01:24:16]} {[%emt 00:00:09]} 14. Bxe4 {[%clk 00:51:17]} {[%emt 00:05:33]} dxe4
{[%clk 01:22:07]} {[%emt 00:02:40]} 15. Rxe4 {[%clk 00:51:16]} {[%emt
00:00:30]} Be7 {[%clk 01:21:45]} {[%emt 00:00:52]} 16. Nf3 {[%clk 00:49:24]}
{[%emt 00:02:22]} Bf6 {[%clk 01:18:45]} {[%emt 00:03:31]} 17. Bf4 {[%clk
00:44:13]} {[%emt 00:05:41]} Qd5 {[%clk 01:16:43]} {[%emt 00:02:31]} 18. Qe2
{[%clk 00:36:43]} {[%emt 00:08:00]} Rfd8 {[%clk 01:07:36]} {[%emt 00:09:38]}
19. Rd1 {[%clk 00:35:34]} {[%emt 00:01:39]} Rd7 {[%clk 01:06:45]} {[%emt
00:01:22]} 20. Ne5 {[%clk 00:33:52]} {[%emt 00:02:12]} Bxe5 {[%clk 01:05:12]}
{[%emt 00:02:02]} 21. Bxe5 {[%clk 00:33:50]} {[%emt 00:00:32]} f6 {[%clk
01:05:22]} {[%emt 00:00:20]} 22. Bf4 {[%clk 00:33:02]} {[%emt 00:01:18]} e5
{[%clk 01:04:40]} {[%emt 00:01:12]} 23. Bd2 {[%clk 00:29:17]} {[%emt 00:04:15]}
Nxd4 {[%clk 01:04:35]} {[%emt 00:00:34]} 24. Qe3 {[%clk 00:13:23]} {[%emt
00:16:23]} Nb3 {[%clk 01:04:19]} {[%emt 00:00:47]} 25. h3 {[%clk 00:10:21]}
{[%emt 00:03:33]} Nxd2 {[%clk 01:04:09]} {[%emt 00:00:41]} 0-1